<?xml version="1.0" encoding="UTF-8"?>
<collection xmlns="http://www.loc.gov/MARC21/slim">
  <record>
    <leader>00000nam  2200000   4500</leader>
    <controlfield tag="001">INLIS000000000020360</controlfield>
    <controlfield tag="005">20250616105854</controlfield>
    <datafield tag="035" ind1="#" ind2="#">
      <subfield code="a">0010-0625000102</subfield>
    </datafield>
    <controlfield tag="007">ta</controlfield>
    <controlfield tag="008">250616################|##########|#|##</controlfield>
    <datafield tag="084" ind1="#" ind2="#">
      <subfield code="a">R 0042 PKN I 2024</subfield>
    </datafield>
    <datafield tag="100" ind1=" " ind2="#">
      <subfield code="a">Florentinus Kristiantoro</subfield>
    </datafield>
    <datafield tag="245" ind1="1" ind2="#">
      <subfield code="a">Inklusivitas Kearsipan MemvbangunPlatform Layanan Digital Diseminasi Informasi Dan Beritya Kearsipan Di ANRI /</subfield>
      <subfield code="c">Florentinus Kristiantoro</subfield>
    </datafield>
    <datafield tag="250" ind1="#" ind2="#">
      <subfield code="a">1</subfield>
    </datafield>
    <datafield tag="260" ind1="#" ind2="#">
      <subfield code="a">Jakarta :</subfield>
      <subfield code="b">Pusbangkom Pimnas,</subfield>
      <subfield code="c">2024</subfield>
    </datafield>
    <datafield tag="300" ind1="#" ind2="#">
      <subfield code="a">150 :</subfield>
      <subfield code="b">ilus ;</subfield>
      <subfield code="c">29 x 21 x 1,5</subfield>
    </datafield>
    <datafield tag="650" ind1="#" ind2="4">
      <subfield code="a">Kearsipan</subfield>
    </datafield>
    <datafield tag="520" ind1="#" ind2="#">
      <subfield code="a">Dalam rangka untuk meningkatkan pemahaman dan membangun kesadaran (awareness) masyarakat&#13;
mengenai arC penCng dari arsip (untuk diselamatkan dan dilestarikan) dan merubah pola pikir (image and&#13;
mindset) yang ada di benak dan pikiran sebagian besar masyarakat Indonesia tentang fungsi dan peranan&#13;
arsip yang masih rendah, dimana arsip hanya dipandang sebagai tumpukan dokumen usang yang Cdak&#13;
memiliki nilai guna dan kebermanfaatan, menjadi arsip yang bernilai Cnggi sebagai bukC otenCk idenCtas,&#13;
karakter, dan jaC diri bangsa Indonesia, Cdak hanya menjadi tugas dan tanggung jawab semata dari ANRI.&#13;
Diperlukan dukungan atau parCsipasi dari seluruh elemen masyarakat untuk menyampaikan dan&#13;
menyebarluaskan informasi dan berita mengenai kearsipan. Untuk tujuan itulah, perlu dibangun suatu&#13;
plaJorm media atau sarana pengumpulan dan penyebarluasan informasi dan berita mengenai kearsipan&#13;
secara regional dan nasional, dari masyarakat dan untuk masyarakat.</subfield>
    </datafield>
    <datafield tag="856" ind1="#" ind2="#">
      <subfield code="a">Perpustakaan Pusat LAN</subfield>
    </datafield>
    <datafield tag="990" ind1="#" ind2="#">
      <subfield code="a">2024/1.2.1/A/0042</subfield>
    </datafield>
  </record>
</collection>
